| 000 | 00560nam a2200193 u 4500 | ||
|---|---|---|---|
| 005 | 20241016063834.0 | ||
| 008 | 091023s2006 r 000 0 eng d | ||
| 020 | _a9586705285 | ||
| 035 | _aUPN01000173437 | ||
| 049 | _aCG | ||
| 050 | 4 |
_aHQ1214 _bC3.7 |
|
| 100 | 1 | _aCastellanos Llanos, Gabriela | |
| 245 | 1 | 0 |
_aSexo, género y feminismo : _btres categorías en pugna / _cGabriela Castellanos Llanos. |
| 260 |
_aCali, Col. : _bUniversidad del Valle, _c2006. |
||
| 300 | _a222 p. | ||
| 650 | 4 |
_aFeminismo _98967 |
|
| 650 | 4 |
_aGénero _95712 |
|
| 905 | _aLibro | ||
| 999 |
_c145541 _d145541 |
||